Archaeology of Body and Thought

محفوظ في:

المؤلف الرئيسي: Tomasz Gralak

التنسيق: كتاب

اللغة: Undetermined

الوصول للمادة أونلاين: Login to view Source

الوسوم: إضافة وسم

لا توجد وسوم, كن أول من يضع وسما على هذه التسجيلة!

رقم الطلب:

LEADER 00425nmm a2200133Ia 4500
008 240716s9999||||xx |||||||||||||||||und||
020 |a 9781803277219 
020 |a 9781803277226 
100 |a Tomasz Gralak 
245 1 0 |a Archaeology of Body and Thought  |c Tomasz Gralak 
264 |b Archaeopress Archaeology  |c 7-مارس-24 
856 4 0 |u http://library.arce.org:8087/Archaeopress/Products/9781803277219 
942 |2 lcc  |c EBOOK 
999 |c 58950  |d 58950